000 00663nam a2200205Ia 4500
003 GCL
008 140319s9999 xx 000 0 ara d
040 _aGCL /
_cGCL
082 0 4 _a698
_bع ا
100 1 _aعماد درويش
245 1 0 _aاعمال الدهان واكساء الجدران والارضيات /
_cعماد درويش
300 _a232 ص
490 _aموسوعة المهن اليدوية والفنية والهندسية
_v0
650 0 4 _aالصناعات اليدوية
650 0 4 _aالصناعات الخشبية
650 0 4 _aالحرف اليدوية
650 0 4 _aالطلاء
650 0 4 _aالجدران
942 _2ddc
_cBK
999 _c44425
_d44425